00308nam a2200121Ia 4500008004100000041000900041082002000050100002600070245003500096260003900131300000800170650000800178230718s9999 xx 000 0 und d aEng. a347.3052bDR -S aDr andul razzaq P.H.D 0asocial dynamics of crime white aPakistanbpakistan law housec2018 a626 aLaw